Inovácia materiálového toku s využitím AGV vozíka vo firme Protherm Production s.r.o.

Uložené v:
Podrobná bibliografia
Hlavný autor: Chocholáček, Peter (Autor)
Ďalší autori: Matúšová, Miriam (Vedúci práce)
Médium: Rukopis Kniha
Jazyk:Slovak
Vydavateľské údaje: 2024
Predmet:
On-line prístup:http://is.stuba.sk/zp/portal_zp.pl?podrobnosti=177983
Tagy: Pridať tag
Žiadne tagy, Buďte prvý, kto otaguje tento záznam!

MARC

LEADER 00000ntm a22000003a 4500
001 stuzp97924
003 SK-STU
005 20240608211406.0
007 ta
008 150427s2015----xo-----f-mn---000-0-slo-d
040 |a STU  |b slo 
041 0 |a slo 
100 1 |a Chocholáček, Peter  |u 063000  |k Z4  |4 aut  |U MTF Materiálovotechnologická fakulta  |T MTF Ústav výrobných technológií  |X 103417  |U M3000  |Y 83  |7 103417 
242 0 1 |a Innovation of material flow using AGV vehicle in Protherm Production s.r.o.  |y eng 
245 1 0 |a Inovácia materiálového toku s využitím AGV vozíka vo firme Protherm Production s.r.o. 
260 |c 2024 
650 4 |a AGV vozík  |2 slo 
650 4 |a materiálový tok  |2 slo 
650 4 |a inovácia  |2 slo 
650 4 |a automatizácia  |2 slo 
650 4 |a AGV trolley  |2 eng 
650 4 |a material flow  |2 eng 
650 4 |a innovation  |2 eng 
650 4 |a automation  |2 eng 
700 1 |a Matúšová, Miriam  |u 063800  |k Z1  |4 ths  |U MTF Ústav výrobných technológií  |T MTF Katedra výrobných zariadení a systémov  |X 4309  |U M3800  |Y 660  |7 A000004309 
856 4 |u http://is.stuba.sk/zp/portal_zp.pl?podrobnosti=177983 
996 |c M* DP-15331  |l MMSKP  |s P  |a 0  |w stuzp97924_0001